| 000 | 00684nam a22002177a 4500 | ||
|---|---|---|---|
| 003 | OSt | ||
| 008 | 260408b |||||||| |||| 00| 0 eng d | ||
| 020 | _a9789353873851 | ||
| 082 |
_a005.74 _bE37B |
||
| 100 | _aElangovan, R. | ||
| 245 |
_aBig Data Analytics : UG & PG, B. Tech., computer science, IT and data science students / _cby R. Elangovan, P. Rajesh and M. Govindhan |
||
| 260 |
_a.- 2025 _b: Satish Serial Publishing House _c, 2025 |
||
| 300 | _aix,170p. | ||
| 650 | _aComputer Science, Information & General Works | ||
| 650 | _aDatabases | ||
| 650 | _aData Analytics | ||
| 650 | _aData Science | ||
| 700 | _aRajesh, P. | ||
| 700 | _aGovindhan, M. | ||
| 942 |
_2ddc _cBK |
||
| 999 |
_c50038 _d50038 |
||